| 000 | 00364nam a22001457a 4500 | ||
|---|---|---|---|
| 008 | 231120b |||||||| |||| 00| 0 eng d | ||
| 020 | _a9789389949360 | ||
| 040 | _a13 | ||
| 100 | _aBEHI RAMESH | ||
| 245 | _aINFORMATION TECHNOIOGY FOR MANAGEMENT | ||
| 250 | _a3ED | ||
| 260 |
_aNEW DELHI ARISTA PUB _bMC GRAW HILL PUB _c9/11/2023 |
||
| 300 | _a684 | ||
| 942 | _c02 | ||
| 999 |
_c57680 _d57680 |
||